logo

Bir Sreshtho Munshi Abdur Rouf Library
Jhenaidah Cadet College

ইকিগাই : (Record no. 12532)

MARC details
000 -LEADER
fixed length control field 01064nam a2200253 a 4500
001 - CONTROL NUMBER
JCCL Control Number 12532
003 - CONTROL NUMBER IDENTIFIER
JCCL marc code BD-JhCC
005 - DATE AND TIME OF LATEST TRANSACTION
control field 20220725134023.0
008 - FIXED-LENGTH DATA ELEMENTS--GENERAL INFORMATION
fixed length control field 220725s20222021bg |||| |||| 000 0 ban d
020 ## - INTERNATIONAL STANDARD BOOK NUMBER
International Standard Book Number 9789849614906
035 ## - SYSTEM CONTROL NUMBER
system control number (BD-JhCC)12532
040 ## - CATALOGING SOURCE
Original cataloging agency BD-JhCC
Modifying agency BD-JhCC
041 ## - LANGUAGE CODE
Language code of Book eng
082 ## - DEWEY DECIMAL CLASSIFICATION NUMBER
Classification number 952.005
Author mark and Year GAR 2022
100 ## - MAIN ENTRY--PERSONAL NAME
Personal name গারসিয়া, হেক্টর
245 ## - TITLE STATEMENT
Title ইকিগাই :
Remainder of title জাপানিদের দীর্ঘ ও সুখী জীবনের রহস্য /
Statement of responsibility, etc হেক্টর গারসিয়া, ফ্রান্সেস মিরালেস এবং ইউসুফ মুন্না (অনু.)
260 ## - PUBLICATION, DISTRIBUTION, ETC. (IMPRINT)
Place of publication, distribution, etc ঢাকা :
Name of publisher, distributor, etc আদর্শ,
Date of publication, distribution, etc ২০২২
300 ## - PHYSICAL DESCRIPTION
Pagination ১৩৩ পৃ. :
Dimensions ২১ সেমি.
504 ## - BIBLIOGRAPHY, ETC. NOTE
Bibliography, etc গ্রন্থপঞ্জি অর্ন্তভূক্ত।
650 ## - SUBJECT ADDED ENTRY--TOPICAL TERM
Topical term or geographic name as entry element Japan
General subdivision Culture
700 ## - ADDED ENTRY--PERSONAL NAME
Personal name মিরালেস, ফ্রান্সেস
700 ## - ADDED ENTRY--PERSONAL NAME
Personal name মুন্না, ইউসুফ
942 ## - ADDED ENTRY ELEMENTS (KOHA)
Source of classification or shelving scheme Dewey Decimal Classification
Koha item type Books
Koha issues (borrowed), all copies 1
Holdings
Source of classification or shelving scheme Damaged status Not for loan Home library Current library Shelving location Date of accession Cost, normal purchase price Total Checkouts Full call number Barcode Date last seen Date checked out Copy number Koha item type
Dewey Decimal Classification     JCC Rouf Library JCC Rouf Library General Stacks 07/24/2022 216.00 3 952.005 GAR 2022 17516 08/14/2023 07/31/2023 C-1 Books

JCC Library | Contacts | JCC Home

Last Update on 23 September 2017
Copyright @ 2017-2020 JCC Rouf Library
Rouf Library, Jhenidah Cadet College (JCC), Bangladesh